Introducción a la teoría de los grupos

Đã lưu trong:
Chi tiết về thư mục
Tác giả chính: Alexandroff, Pavel Sergeevich (Tác giả)
Định dạng: Sách
Ngôn ngữ:Tiếng Tây Ban Nha
Được phát hành: Buenos Aires EUDEBA 1971
Phiên bản:3a. ed
Loạt:Cuadernos EUDEBA, 132
Những chủ đề:
Các nhãn: Thêm thẻ
Không có thẻ, Là người đầu tiên thẻ bản ghi này!

MARC

LEADER 00000nam a2200000 a 4500
001 UCQ8323
003 CL-VaPUC
008 981209e19710000AG |||||||||||||||||spa|d
082 0 4 |a 512.2  |b ALE  |2 21 
100 0 |a Alexandroff, Pavel Sergeevich  |e author  |9 422241 
245 1 0 |a Introducción a la teoría de los grupos 
250 |a 3a. ed 
300 |a 152 p 
942 |c BK 
945 |d 19981209 00:00:00  |a crobeson 
260 |a Buenos Aires  |b EUDEBA  |c 1971 
650 0 |a Teoría de grupos   |9 270028 
650 7 |a ISOMORFISMO  |2 CL-VaPUC  |9 417405 
650 7 |a HOMOMORFISMO  |2 CL-VaPUC  |9 422242 
650 0 |a Teoría de conjuntos   |9 265668 
583 |a last modification  |c 19981209 00:00:00  |k Rodrigo Vera 
490 0 |a Cuadernos EUDEBA, 132 
999 |c 277608  |d 277606 
952 |0 0  |1 0  |4 0  |6 512_200000000000000_ALE_1971  |7 0  |8 A  |9 315634  |a BIBMAT  |b BIBMAT  |d 2019-11-20  |i 1301160  |o 512.2 ALE 1971  |p 1301160  |r 2025-01-07  |w 2019-11-20  |y BK  |k MAT